Data structures and algorithms in python / (Record no. 195748)

MARC details
000 -LEADER
fixed length control field 00932nam a2200277Ia 4500
003 - CONTROL NUMBER IDENTIFIER
control field OSt
005 - DATE AND TIME OF LATEST TRANSACTION
control field 20240925091646.0
008 - FIXED-LENGTH DATA ELEMENTS--GENERAL INFORMATION
fixed length control field 210716s2016 xx 000 0 und d
020 ## - INTERNATIONAL STANDARD BOOK NUMBER
International Standard Book Number 9788126562176
040 ## - CATALOGING SOURCE
Transcribing agency AIMIT LIBRARY
041 ## - LANGUAGE CODE
Language code of text/sound track or separate title eng
082 ## - DEWEY DECIMAL CLASSIFICATION NUMBER
Classification number 005.73
Edition number GOOM
100 ## - MAIN ENTRY--PERSONAL NAME
Personal name Goodrich, Michael T.
9 (RLIN) 180072
245 ## - TITLE STATEMENT
Title Data structures and algorithms in python /
Statement of responsibility, etc. By Michael T Goodrich; Roberto Tamassia and Michael H Goldwasser.
250 ## - EDITION STATEMENT
Edition statement 1 st ed.
260 ## - PUBLICATION, DISTRIBUTION, ETC.
Place of publication, distribution, etc. New Delhi :
Name of publisher, distributor, etc. Wiley India Pvt Ltd ,
Date of publication, distribution, etc. 2016.
300 ## - PHYSICAL DESCRIPTION
Extent xix,748 P.;
Other physical details PB
Dimensions 24.5 cm.
650 ## - SUBJECT ADDED ENTRY--TOPICAL TERM
Topical term or geographic name entry element Expressions operators and precedence
9 (RLIN) 180073
650 ## - SUBJECT ADDED ENTRY--TOPICAL TERM
Topical term or geographic name entry element Priority queues
9 (RLIN) 180175
650 ## - SUBJECT ADDED ENTRY--TOPICAL TERM
Topical term or geographic name entry element Maps hash tables and skip lists
9 (RLIN) 180176
650 ## - SUBJECT ADDED ENTRY--TOPICAL TERM
Topical term or geographic name entry element Sorting and selection
9 (RLIN) 180177
650 ## - SUBJECT ADDED ENTRY--TOPICAL TERM
Topical term or geographic name entry element Graph algorithms
9 (RLIN) 180178
700 ## - ADDED ENTRY--PERSONAL NAME
Personal name Tamassia, Roberto.
9 (RLIN) 180074
700 ## - ADDED ENTRY--PERSONAL NAME
Personal name Goldwasser, Michael H.
9 (RLIN) 180179
942 ## - ADDED ENTRY ELEMENTS (KOHA)
Source of classification or shelving scheme Dewey Decimal Classification
Koha item type Book
Call number prefix 005.73 GOOM
Holdings
Withdrawn status Lost status Source of classification or shelving scheme Damaged status Not for loan Collection code Home library Current library Date acquired Source of acquisition Cost, normal purchase price Inventory number Total Checkouts Full call number Barcode Date last seen Cost, replacement price Price effective from Koha item type
    Dewey Decimal Classification     MCA St Aloysius Institute of Management & Information Technology St Aloysius Institute of Management & Information Technology 03/08/2017 Knowledge World 499.00 Bill no:335;Billdt:2017-02-28   005.73 GOOM MCA15259 05/23/2026 389.22 07/16/2021 Book